000 00491nam a2200181Ia 4500
003 GCL
008 140319s9999 xx 000 0 ara d
040 _aGCL /
_cGCL
082 0 4 _aق
_b962
_bا ك
100 1 _aاسماعيل صبرى عبدالله
245 1 0 _aكتابات سياسية (1965 - 1970) /
_cاسماعيل صبرى عبدالله
300 _a336 ص
490 _a
650 0 4 _aالعصر الحديث
650 0 4 _aمصر
650 0 4 _aتاريخ
942 _2ddc
_cBK
999 _c45506
_d45506